| 000 | 01202nam a22002657a 4500 | ||
|---|---|---|---|
| 005 | 20170124103044.0 | ||
| 010 | _a142894 | ||
| 020 | _c1.50 | ||
| 035 | _a142894 | ||
| 037 | _bCen Lib/Ret | ||
| 040 |
_aDPL _bHN |
||
| 082 |
_aउ _bज़्विगस्टी |
||
| 100 |
_aज़्विग, स्टीफ़न _968209 |
||
| 245 |
_aविराट : _cस्टीफ़न ज़्विग; अनुवादक यशपाल जैन _bभारतीय पृष्ठभूमि पर लिखा मार्मिक उपन्यास / |
||
| 246 |
_avirat : bhartiya prishthbhoomi par likha marmik upanyas / _bby Satifan Zwig; anuvadak Yashpal Jain |
||
| 260 |
_aनयी दिल्ली _bसस्ता साहित्य मण्डल _c1958 |
||
| 270 | _bनयी दिल्ली | ||
| 300 |
_a106पृ. _c17सेमी (सजिल्द) |
||
| 650 |
_aअंग्रेजी साहित्य _968210 |
||
| 650 |
_aउपन्यास _968211 |
||
| 650 |
_aEnglish literature _968212 |
||
| 650 |
_aFiction _98901 |
||
| 700 |
_aजैन, यशपाल _968213 |
||
| 942 |
_2ddc _cHN _hउ _mज़्विगस्टी |
||
| 999 |
_c116764 _d116764 |
||